| 000 | 01119nam a2200301Ia 4500 | ||
|---|---|---|---|
| 001 | ebr10054173 | ||
| 003 | CaPaEBR | ||
| 006 | m u | ||
| 007 | cr cn||||||||| | ||
| 008 | 991130s2000 enk sb 001 0 eng d | ||
| 020 | _z020342736X | ||
| 020 | _z1853178683 | ||
| 040 |
_aCaPaEBR _cCaPaEBR |
||
| 035 | _a(OCoLC)559985085 | ||
| 050 | 1 | 4 |
_aRG137 _b.G85 2000eb |
| 100 | 1 | _aGuillebaud, John. | |
| 245 | 1 | 0 |
_aContraception today _h[electronic resource] : _ba pocketbook for general practitioners / _cJohn Guillebaud. |
| 250 | _a4th ed. | ||
| 260 |
_aLondon : _bM. Dunitz, _c2000. |
||
| 300 | _aiv, 124 p. | ||
| 504 | _aIncludes bibliographical references and index. | ||
| 533 |
_aElectronic reproduction. _bPalo Alto, Calif. : _cebrary, _d2009. _nAvailable via World Wide Web. _nAccess may be limited to ebrary affiliated libraries. |
||
| 650 | 0 | _aContraceptives. | |
| 650 | 0 | _aContraceptive drugs. | |
| 655 | 7 |
_aElectronic books. _2local |
|
| 710 | 2 | _aebrary, Inc. | |
| 856 | 4 | 0 |
_uhttp://site.ebrary.com/lib/rucke/Doc?id=10054173 _zAn electronic book accessible through the World Wide Web; click to view |
| 999 |
_c65191 _d65191 |
||